[Event "Cape Town Chess Lounge"]
[Site "Cape Town"]
[Date "2016.11.28"]
[Round "3"]
[White "Jere, Daniel"]
[Black "Amini, Daud"]
[Result "1-0"]
[WhiteElo "2364"]
[BlackElo "2022"]
[PlyCount "107"]
[EventDate "2016.11.27"]
[EventType "tourn"]
[EventRounds "9"]
[EventCountry "RSA"]
[EventCategory "1"]
[SourceTitle "EXT 2018"]
[Source "ChessBase"]
[SourceDate "2017.10.13"]
[SourceVersion "1"]
[SourceVersionDate "2017.10.13"]
[SourceQuality "1"]

1. c4 e5 2. g3 Nf6 3. Bg2 d5 4. cxd5 Nxd5 5. Nf3 Nc6 6. 0-0 Be7 7. d4 exd4 8. Nxd4 Nxd4 9. Qxd4 Nf6 10. Qa4+ c6 11. Rd1 Qb6 12. Be3 Bc5 13. Bxc5 Qxc5 14. b4 Qb6 15. Na3 Be6 16. b5 c5 17. Nc4 Bxc4 18. Qxc4 0-0 19. Rac1 Rac8 20. a4 Rfe8 21. e3 Rc7 22. Qf4 Rce7 23. Qd6 Ne4 24. Bxe4 Rxe4 25. Qxc5 Qxc5 26. Rxc5 Rxa4 27. Rc7 b6 28. Rdd7 Rf8 29. Rxa7 Rb4 30. Rd5 g6 31. Rb7 Kg7 32. Rxb6 h6 33. Rb7 g5 34. h3 Kg6 35. Rc7 h5 36. Rc6+ f6 37. b6 g4 38. hxg4 hxg4 39. Rd4 Rb1+ 40. Kg2 Kg5 41. Rc5+ f5 42. Rd6 Rf6 43. Rcc6 Rxd6 44. Rxd6 Kh5 45. Rc6 Kg5 46. f4+ gxf3+ 47. Kxf3 Rb2 48. Rd6 Rb1 49. Ke2 Kg4 50. Rg6+ Kh5 51. Re6 Kg4 52. Kd3 Kxg3 53. Kd4 Kf3 54. Kc5 1-0

[Event "South African op"]
[Site "Cape Town"]
[Date "2015.07.07"]
[Round "7"]
[White "Van den Heever, Donovan"]
[Black "Amini, Daud"]
[Result "1/2-1/2"]
[WhiteElo "2254"]
[BlackElo "2041"]
[PlyCount "69"]
[EventDate "2015.07.03"]
[EventType "swiss"]
[EventRounds "11"]
[EventCountry "RSA"]
[SourceTitle "CBM 167 Extra"]
[Source "ChessBase"]
[SourceDate "2015.09.14"]
[SourceVersion "1"]
[SourceVersionDate "2015.09.14"]
[SourceQuality "1"]

1. e4 c5 2. Nf3 d6 3. c3 Nf6 4. Be2 g6 5. 0-0 Bg7 6. Bb5+ Bd7 7. Bxd7+ Nfxd7 8. d3 0-0 9. Na3 Nc6 10. Ng5 h6 11. Nh3 Rb8 12. f4 f5 13. g4 e6 14. exf5 exf5 15. g5 h5 16. Re1 Re8 17. Qb3+ Kh7 18. Bd2 Na5 19. Qf7 Rf8 20. Qe6 Nb6 21. Nb5 Nc8 22. Rab1 a6 23. Na3 b5 24. Nc2 Nc6 25. Qd5 N8e7 26. Qf3 d5 27. Re6 Rb7 28. Nf2 Rd7 29. Rbe1 Rd6 30. Qe2 Re8 31. Rxd6 Qxd6 32. Qe6 Qxe6 33. Rxe6 Rg8 34. Ne1 Rd8 35. Nf3 1/2-1/2

[Event "South African op"]
[Site "Cape Town"]
[Date "2015.07.06"]
[Round "6"]
[White "Amini, Daud"]
[Black "Essa, Naseem Ahmed"]
[Result "1-0"]
[WhiteElo "2041"]
[BlackElo "1612"]
[PlyCount "69"]
[EventDate "2015.07.03"]
[EventType "swiss"]
[EventRounds "11"]
[EventCountry "RSA"]
[SourceTitle "CBM 167 Extra"]
[Source "ChessBase"]
[SourceDate "2015.09.14"]
[SourceVersion "1"]
[SourceVersionDate "2015.09.14"]
[SourceQuality "1"]

1. d4 Nf6 2. c4 e6 3. Nc3 Bb4 4. e3 c5 5. Bd3 b6 6. Nf3 0-0 7. 0-0 Bxc3 8. bxc3 Ba6 9. e4 d5 10. e5 Ne4 11. Qc2 f5 12. exf6 Nxf6 13. Ng5 Qd6 14. Bxh7+ Kh8 15. Bg6 Bxc4 16. Re1 Ng4 17. g3 Nxf2 18. Nf7+ Rxf7 19. Bxf7 Ne4 20. Qg2 g5 21. Bg6 Kg7 22. Bxe4 dxe4 23. Qxe4 Nc6 24. Bxg5 cxd4 25. Qh4 Qc5 26. Qh6+ Kf7 27. Qh5+ Kg7 28. Qh6+ Kf7 29. Qf6+ Ke8 30. Qg6+ Kd7 31. cxd4 Qxd4+ 32. Be3 Qh8 33. Rad1+ Kc7 34. Qf7+ Kb8 35. Bf4+ 1-0

[Event "South African op"]
[Site "Cape Town"]
[Date "2015.07.04"]
[Round "2"]
[White "Amini, Daud"]
[Black "Short, Nigel D"]
[Result "0-1"]
[WhiteElo "2041"]
[BlackElo "2683"]
[PlyCount "62"]
[EventDate "2015.07.03"]
[EventType "swiss"]
[EventRounds "11"]
[EventCountry "RSA"]
[SourceTitle "CBM 167 Extra"]
[Source "ChessBase"]
[SourceDate "2015.09.14"]
[SourceVersion "1"]
[SourceVersionDate "2015.09.14"]
[SourceQuality "1"]

1. d4 e6 2. c4 b6 3. Nf3 Bb7 4. g3 Bb4+ 5. Nbd2 Bxf3 6. exf3 Nf6 7. Bg2 Nc6 8. a3 Bxd2+ 9. Qxd2 d5 10. Qc3 dxc4 11. f4 Na5 12. Bxa8 Qxa8 13. 0-0 Nd5 14. Qf3 Nb3 15. Rb1 Nxd4 16. Qd1 c5 17. Be3 Nf5 18. Qe2 c3 19. Qb5+ Ke7 20. Rbe1 h5 21. bxc3 h4 22. g4 Nfxe3 23. fxe3 Nxc3 24. Qb2 h3 25. e4 Nxe4 26. f5 f6 27. Qe2 Ng5 28. fxe6 Rd8 29. Rf5 Rd4 30. Rxg5 fxg5 31. Rf1 Qe4 0-1

[Event "Manyanani"]
[Site "Manyanani"]
[Date "2014.06.16"]
[Round "7"]
[White "Amini, Daud"]
[Black "Kobese, Watu"]
[Result "1/2-1/2"]
[WhiteElo "1955"]
[BlackElo "2341"]
[PlyCount "67"]
[EventDate "2014.06.14"]
[EventType "swiss"]
[EventRounds "7"]
[EventCountry "RSA"]
[SourceTitle "EXT 2016"]
[Source "ChessBase"]
[SourceDate "2015.10.08"]
[SourceVersion "1"]
[SourceVersionDate "2015.10.08"]
[SourceQuality "1"]

1. d4 Nf6 2. c4 g6 3. Nc3 Bg7 4. e4 d6 5. Nf3 0-0 6. Be2 e5 7. 0-0 Nc6 8. d5 Ne7 9. b4 Ne8 10. c5 f5 11. Ng5 Nf6 12. Qc2 h6 13. Ne6 Bxe6 14. dxe6 fxe4 15. cxd6 cxd6 16. Nxe4 d5 17. Nxf6+ Rxf6 18. b5 Rxe6 19. Ba3 Nf5 20. Bg4 Rf6 21. Bb2 Rf7 22. Rad1 Qd6 23. Bf3 Nd4 24. Bxd4 exd4 25. Qb3 Rd8 26. Rfe1 Kh7 27. Re2 Rc7 28. Rde1 Rc3 29. Qb1 d3 30. Rd2 Qa3 31. Red1 d4 32. Rxd3 Re8 33. g3 b6 34. Kg2 1/2-1/2

[Event "Manyanani"]
[Site "Manyanani"]
[Date "2014.06.14"]
[Round "2"]
[White "Klaasen, Calvin Jong"]
[Black "Amini, Daud"]
[Result "1-0"]
[WhiteElo "2141"]
[BlackElo "1955"]
[PlyCount "131"]
[EventDate "2014.06.14"]
[EventType "swiss"]
[EventRounds "7"]
[EventCountry "RSA"]
[SourceTitle "EXT 2016"]
[Source "ChessBase"]
[SourceDate "2015.10.08"]
[SourceVersion "1"]
[SourceVersionDate "2015.10.08"]
[SourceQuality "1"]

1. e4 c5 2. Nf3 d6 3. d4 cxd4 4. Nxd4 Nf6 5. Nc3 a6 6. Be2 e5 7. Nb3 Be7 8. 0-0 Be6 9. Re1 0-0 10. Bf3 b5 11. a4 b4 12. Nd5 Nxd5 13. exd5 Bf5 14. a5 Nd7 15. Be4 Bxe4 16. Rxe4 Nf6 17. Rxb4 Qc7 18. Be3 Rfc8 19. c4 Qd7 20. Nd2 Qf5 21. Nf1 Qg6 22. Rc1 Ng4 23. Rc3 f5 24. Rb7 Bf8 25. f3 Nf6 26. Qc2 Rab8 27. Rb6 Ra8 28. Bf2 Rc7 29. Ng3 e4 30. Bd4 Nd7 31. Rc6 Rxc6 32. dxc6 Ne5 33. fxe4 f4 34. Ne2 f3 35. Ng3 Nxc6 36. Bb6 fxg2 37. Qxg2 Re8 38. b3 h5 39. Re3 Re5 40. Nf5 Qxg2+ 41. Kxg2 Nxa5 42. Bxa5 Rxa5 43. Rd3 Ra2+ 44. Kg3 Rb2 45. h4 Kf7 46. Kf4 Be7 47. Nxd6+ Bxd6+ 48. Rxd6 Rxb3 49. Rxa6 Rh3 50. Kg5 Re3 51. Ra7+ Kf8 52. Kxh5 Rxe4 53. Rc7 Rd4 54. Kg5 Re4 55. c5 Kg8 56. c6 Rc4 57. h5 Kh7 58. Kf5 Kh6 59. Rc8 Rc5+ 60. Ke6 Kxh5 61. c7 Kg6 62. Kd6 Rc1 63. Rg8 Rxc7 64. Kxc7 Kf7 65. Ra8 g5 66. Kd6 1-0